logo

Bir Sreshtho Munshi Abdur Rouf Library
Jhenaidah Cadet College

Extreme success : (Record no. 11508)

MARC details
000 -LEADER
fixed length control field 01350nim a2200337 a 4500
001 - CONTROL NUMBER
control field 11508
003 - CONTROL NUMBER IDENTIFIER
control field BD-JhCC
005 - DATE AND TIME OF LATEST TRANSACTION
control field 20220303134022.0
007 - PHYSICAL DESCRIPTION FIXED FIELD--GENERAL INFORMATION
fixed length control field sd fsngnnmmned
008 - FIXED-LENGTH DATA ELEMENTS--GENERAL INFORMATION
fixed length control field 180621s2002 nyu nn i0 0 eng d
010 ## - LIBRARY OF CONGRESS CONTROL NUMBER
LC control number 2004560670
020 ## - INTERNATIONAL STANDARD BOOK NUMBER
International Standard Book Number 0743524624 :
Terms of availability $24.00
024 1# - OTHER STANDARD IDENTIFIER
Standard number or code 076714024007
Additional codes following the standard number or code 02462
024 3# - OTHER STANDARD IDENTIFIER
Standard number or code 9780743524629
Additional codes following the standard number or code 52400
028 02 - PUBLISHER NUMBER
Publisher number 0-7435-2462-4
Source Simon & Schuster Audio
035 ## - SYSTEM CONTROL NUMBER
System control number (BD-JhCC)11508
040 ## - CATALOGING SOURCE
Original cataloging agency JRS
Transcribing agency JRS
Modifying agency OCLCQ
-- DLC
-- BD-JhCC
042 ## - AUTHENTICATION CODE
Authentication code lccopycat
050 00 - LIBRARY OF CONGRESS CALL NUMBER
Classification number SDA 95988
082 ## - DEWEY DECIMAL CLASSIFICATION NUMBER
Edition number FET 2002
Classification number 158.1
100 1# - MAIN ENTRY--PERSONAL NAME
Personal name Fettke, Rich.
245 10 - TITLE STATEMENT
Title Extreme success :
Remainder of title the 7-part program that shows you how to succeed without struggle /
Statement of responsibility, etc. Rich Fettke.
260 ## - PUBLICATION, DISTRIBUTION, ETC.
Place of publication, distribution, etc. New York, NY :
Name of publisher, distributor, etc. Simon & Schuster Audio,
Date of publication, distribution, etc. p2002.
300 ## - PHYSICAL DESCRIPTION
Extent 284 p. :
Dimensions 21 cm
511 0# - PARTICIPANT OR PERFORMER NOTE
Participant or performer note Read by the author.
520 ## - SUMMARY, ETC.
Summary, etc. Fettke applies the lessons he's learned from extreme sports to business and life, showing that taking risks is as important as doing your homework. With quizzes, stories, and strategies, he explains how you can create your own luck, develop courage for change, use partnerships and alliances to expand possibilities, make fear your friend, and get, and stay, in the "zone."
650 #0 - SUBJECT ADDED ENTRY--TOPICAL TERM
Topical term or geographic name entry element Success.
650 #0 - SUBJECT ADDED ENTRY--TOPICAL TERM
Topical term or geographic name entry element Achievement motivation.
650 #0 - SUBJECT ADDED ENTRY--TOPICAL TERM
Topical term or geographic name entry element Conduct of life.
942 ## - ADDED ENTRY ELEMENTS (KOHA)
Source of classification or shelving scheme Dewey Decimal Classification
Koha item type Books
Koha issues (borrowed), all copies 1
Holdings
Withdrawn status Lost status Source of classification or shelving scheme Damaged status Not for loan Home library Current library Shelving location Date acquired Total Checkouts Full call number Barcode Date last seen Date last checked out Copy number Price effective from Koha item type
    Dewey Decimal Classification     JCC Rouf Library JCC Rouf Library General Stacks 10/21/2018 2 158.1 FET 2002 14626 05/28/2023 05/17/2023 C-1 10/21/2019 Books

JCC Library | Contacts | JCC Home

Last Update on 23 September 2017
Copyright @ 2017-2020 JCC Rouf Library
Rouf Library, Jhenidah Cadet College (JCC), Bangladesh